000
00309nam a2200121Ia 4500
008
191201s2019 xx 000 0 und d
100
_a
SINGH, B P
245
0
_a
Semi Conductor Devices and Circuits
260
_a
N.Delhi
_b
Dhanpat Rai Pub (P) Ltd
300
_a
23-43
650
_a
B.Tech(ECE)
942
_2
ddc
_c
BK
999
_c
1073
_d
1073